Róznice kulturowe a zachowania w biznesie
Salvato in:
| Autore principale: | |
|---|---|
| Altri autori: | |
| Natura: | Libro |
| Lingua: | polacco |
| Pubblicazione: |
Warszawa
Wydawnictwo Naukowe PWN
2000
|
| Serie: | Przedsiebiorczosc
|
| Soggetti: | |
| Tags: |
Nessun Tag, puoi essere il primo ad aggiungerne!!
|
MARC
| LEADER | 00000nam a2200000 4500 | ||
|---|---|---|---|
| 001 | c123551 | ||
| 005 | 20230220124204.4 | ||
| 020 | |a 83-01-13031-8 | ||
| 041 | 0 | |a pol | |
| 044 | |a PL | ||
| 245 | 1 | 0 | |a Róznice kulturowe a zachowania w biznesie |c Richard R. Gesteland ; Przeklad: Hanna Malarecka-Simbierowicz |
| 264 | 1 | |a Warszawa |b Wydawnictwo Naukowe PWN |c 2000 | |
| 300 | |a 301 s. | ||
| 490 | 1 | |a Przedsiebiorczosc | |
| 830 | 0 | |a Przedsiebiorczosc | |
| 610 | 2 | 0 | |a podnikanie |
| 610 | 2 | 0 | |a obchod medzinárodný |
| 610 | 2 | 0 | |a obchod svetový |
| 610 | 2 | 0 | |a kultúra |
| 610 | 2 | 0 | |a zvyklosti obchodné |
| 610 | 2 | 0 | |a modely |
| 610 | 2 | 0 | |a vzťahy obchodné |
| 610 | 2 | 0 | |a korupcia |
| 610 | 2 | 0 | |a vyjednávanie |
| 610 | 2 | 0 | |a partneri obchodní |
| 610 | 2 | 0 | |a národnosti |
| 610 | 2 | 0 | |a porovnanie medzinárodné |
| 610 | 2 | 0 | |a marketing |
| 610 | 2 | 0 | |a technika obchodná |
| 100 | 1 | |a Gesteland, Richard R. | |
| 700 | 1 | |a Malarecka-Simbierowicz, Hanna | |